| 000 | 00402nam a22001457a 4500 | ||
|---|---|---|---|
| 003 | OSt | ||
| 005 | 20201019150047.0 | ||
| 008 | 201019b ||||| | dr 00| 0 eng d | ||
| 040 |
_aDO-SdBNP _bspa _cBNPHU |
||
| 100 | 1 |
_aAcevedo, Carlos, _d1942- _976959 |
|
| 245 | 1 | 0 |
_aLo que podemos ser / _cCarlos Acevedo. |
| 260 |
_aSanto Domingo : _bs. n. _cs. f. |
||
| 300 |
_a108 p. ; _c21 cm. |
||
| 942 |
_2ddc _cLBS1 |
||
| 999 |
_c48920 _d48920 |
||